Pays d'Afrique par Drapeau et Première lettre - Statistiques

Statistiques générales
  • Ce quiz a été pris 620 fois
  • Le résultat moyen est 32 sur 54
Statistiques - réponses
Par images Réponse % Correct
Algérie
72%
Égypte
72%
Afrique du Sud
71%
Maroc
71%
Tunisie
70%
Côte d'Ivoire
69%
Angola
68%
Nigeria
68%
Somalie
67%
Kenya
66%
Tchad
66%
Sénégal
65%
Seychelles
65%
République Démocratique du Congo
64%
Éthiopie
63%
Liberia
63%
Mauritanie
63%
Niger
63%
Ouganda
63%
Cameroun
62%
Cap-Vert
62%
Madagascar
62%
Botswana
60%
Eswatini
60%
Lesotho
59%
Tanzanie
59%
Burundi
58%
Comores
58%
Érythrée
58%
Ghana
58%
Libye
58%
République Centrafricaine
58%
Togo
58%
Mali
57%
Maurice
57%
Mozambique
57%
République du Congo
57%
Zambie
57%
Burkina Faso
56%
Malawi
56%
Soudan du Sud
56%
Zimbabwe
56%
Bénin
55%
Gabon
55%
Soudan
55%
Guinée Équatoriale
53%
Namibie
53%
Rwanda
52%
Sierra Leone
52%
Djibouti
51%
Guinée-Bissau
51%
Sao Tomé-et-Principe
51%
Gambie
50%
Guinée
49%
Aucun quiz correspondant
Distribution des résultats
% des personnes avec chaque résultat
Percentile par nombre de réponses
Votre historique - résultats
Vous n’avez pas pris ce quiz